000
00332nam a22001577a 4500
003
SGT
020
_a
978-0-07-462320-6
082
_a
616.01
_b
M15P
100
_a
PELEZAR, MICHAEL
245
_a
MICROBIOLOGY
250
_a
1ST
260
_a
DELHI
_b
MC-GRAW HILL
_c
2015
300
_a
918
650
_a
MICROBIOLOGY
942
_2
ddc
_c
BK
_0
5
999
_c
8779
_d
8779